Cambodian Province Map - Statistics

General Stats
  • This quiz has been taken 30 times
  • The average score is 14 of 25
Answer Stats
Provinces % Correct
Phnom Penh
96%
Siem Reap
81%
Battambang
77%
Kampong Cham
73%
Kep
73%
Kandal
65%
Kampot
62%
Preah Sihanouk
62%
Kampong Chhnang
58%
Kampong Speu
58%
Kampong Thum
58%
Mondulkiri
58%
Prey Veng
58%
Koh Konh
54%
Kratie
54%
Pursat
54%
Ratanakiri
54%
Svay Rieng
54%
Takeo
54%
Banteay Meanchey
50%
Pailin
46%
Preah Vihear
46%
Stung Treng
35%
Oddar Meanchey
31%
Tbong Khmum
31%
No matching quizzes found
Score Distribution
Percent of People with Each Score
Percentile by Number Answered
Your Score History
You have not taken this quiz